000 00275nam a2200097Ia 4500
008 221030s9999 xx 000 0 und d
245 0 _aPerformance Appraisal System of CII Corporate Members
260 _bMind Bridge Asia
_aChandigarh
_c2011
650 _aManagement
942 _cTH
999 _c14875
_d14875